Analýza malého podniku služieb

Salvato in:
Dettagli Bibliografici
Autore principale: Gazdagová, Eva, 1957-
Altri autori: Kostková, Albína, 1951-
Natura: Capitolo di libro
Lingua:slovacco
Tags: Aggiungi Tag
Nessun Tag, puoi essere il primo ad aggiungerne!!

MARC

LEADER 00000naa$a2200000$$$4500
001 0091522
005 20240502072024.6
041 0 |a slo 
044 |a SK 
245 1 0 |a Analýza malého podniku služieb  |c Eva Gazdagová, Albína Kostková 
100 1 |a Gazdagová, Eva, 1957- 
700 1 |a Kostková, Albína, 1951-